000
00262nam a22001097a 4500
082
_a
660 LAP'D
100
_a
LAPIDUS, LEON
_9
78786
245
_a
DIGITAL COMPUTATION FOR CHEMICAL ENGINEERS
260
_a
NEWYORK
_b
MCGRAW HILL
_c
1962
300
_a
407P
942
_c
BK
999
_c
583864
_d
583864